<The> RAND journal of economics

Enregistré dans:
Détails bibliographiques
Format: Publication en série
Langue:anglais
Publié: Lawrence RAND 1997
Sujets:
Tags: Ajouter un tag
Pas de tags, Soyez le premier à ajouter un tag!

MARC

LEADER 00000nas2a2200000 4500
001 s121786
005 20231103122518.6
022 |a 0741-6261 
041 0 |a eng 
044 |a US 
245 1 0 |a <The> RAND journal of economics 
264 1 |a Lawrence  |b RAND  |c 1997 
300 |a 1 zv.  |e Špec. č. 
773 0 |w eu_un_cat*s120264 
610 2 0 |a mikroekonomika 
610 2 0 |a analýza ekonomická 
610 2 0 |a podnikanie 
610 2 0 |a trh